Or shel pil; (Record no. 33224)

MARC details
000 -LEADER
fixed length control field 00794cam a22002411 4500
001 - CONTROL NUMBER
control field he 68001226
003 - CONTROL NUMBER IDENTIFIER
control field DLC
005 - DATE AND TIME OF LATEST TRANSACTION
control field 20260227111457.0
008 - FIXED-LENGTH DATA ELEMENTS--GENERAL INFORMATION
fixed length control field 911003s1967 is f 000 0 heb
010 ## - LIBRARY OF CONGRESS CONTROL NUMBER
LC control number he 68001226
035 ## - SYSTEM CONTROL NUMBER
System control number (OCoLC)24493329
040 ## - CATALOGING SOURCE
Original cataloging agency DLC
Transcribing agency CU
Modifying agency CU
-- DLC
050 00 - LIBRARY OF CONGRESS CALL NUMBER
Classification number NC1257.T3
Item number A8
100 2# - MAIN ENTRY--PERSONAL NAME
Personal name Tal-Baron, Carmela.
245 10 - TITLE STATEMENT
Title Or shel pil;
Remainder of title retsef-rishumim
Statement of responsibility, etc. me-et Karmelah Ṭal, ʻim iyurimiluliyim me-et Daṿid Avidan.
260 ## - PUBLICATION, DISTRIBUTION, ETC.
Place of publication, distribution, etc. [Tel-Aviv]
Name of publisher, distributor, etc. ha-Meʼah ha-sheloshim
Date of publication, distribution, etc. [1967]
300 ## - PHYSICAL DESCRIPTION
Extent 8 plates.
Dimensions 31 cm.
500 ## - GENERAL NOTE
General note Cover title.
500 ## - GENERAL NOTE
General note Added t. p.: Elephantasy; a sequence of drawings by Carmela Tal with verbal-lustrations by David Avidan.
500 ## - GENERAL NOTE
General note Text on versos of plates.
700 1# - ADDED ENTRY--PERSONAL NAME
Personal name Avidan, David.
740 0# - ADDED ENTRY--UNCONTROLLED RELATED/ANALYTICAL TITLE
Uncontrolled related/analytical title Elephantasy.

No items available.

Powered by Koha